00489nam a2200169Ia 4500003000400000008004100004040001600045082001300061100001600074245007000090700001900160260004900179300001100228650002800239650003400267650001800301GCL140319s9999 xx 000 0 eng d aGCL / cGCL04a305bR E1 aREECE,BARRY10aETTECTIVE LUMAN RELATIONS IN ORGANIZATION: 5TH ED / cREECE,BARRY1 aBRANDT, RHONDA a[S.N] : bHOUGHTON MIFFLIN COMPANY ، c1993 a558 P04aINTERPERSONAL RELALIONS04aCOMMUNICATION IN ORGANIZATION04aORGANIZATIONS